Responses for Show #1671 - Monday, December 2, 1991

Contestants

[<< previous game]

Ed Peterson, a social studies teacher from Whippany, New Jersey

Jim Bresette, a U.S. Air Force captain from Columbia, Maryland

Elizabeth Pearce, a freelance editor and writer from New York City, New York

[next game >>]

Jeopardy! Round responses

SCIENCE
FOREIGN FOOD
LEE REMICK
ISLANDS
PRISONS
FILE UNDER "M"
    $100 17
a termite

Ed
    $100 1
minestron

Elizabeth
    $100 25
Angela Lansbury

Elizabeth
    $100 16
Taiwan

Jim
    $100 6
security

Ed
    $100 11
matinee

Ed
    $200 22
the horizon

Jim
    $200 2
French toast

Ed
    $200 26
Winston Churchill

Elizabeth
    $200 18
the Aleutian Islands

Jim
    $200 7
a penitentiary

Ed
    $200 12
Mehitabel

Elizabeth
    $300 23
(Elizabeth: What is an autopsy?)
...
(Alex: Autopsies are performed on dead people or dead tissue. [*]. Elizabeth knew that, she just didn't catch it in time.)

biopsy

Elizabeth
Triple Stumper
    $300 3
feta cheese

Ed
    $300 27
The Omen

Elizabeth
    $300 19
Tahiti

Jim
    $300 8
(Jim: What is Spandau Prison?)
(Alex: You'll recall he made that flight to Great Britain and wound up in [*].)

the Tower of London

Jim
Triple Stumper
    $300 13
(Jim: What is midi?)
(Alex: Pardon?)
(Jim: What is midi?)

mediocre

ElizabethJim
    $400 24
(Alex: And we have less than a minute to go.)

glow

Elizabeth
    $400 4
Mexico

Jim
    $400 28
(Ed: What is The Lost Weekend?)

The Days of Wine and Roses

ElizabethEd
    $400 20
(Jim: What are the Shetland Islands?)

Faroe Islands

JimEd
    $400 9
California

Ed
    $400 14
Lola Montez

Elizabeth
    $500 30
oysters

Elizabeth
    $500 5
Brazil

Ed
    $500 29
[Applause for Elizabeth's run of the category]

The Tempest

Elizabeth
    $1,300 21
Madeira

Ed
    $500 10
Leavenworth

Ed
    $500 15
Marcel

Ed

Scores at the first commercial break (after clue 15):

Elizabeth Jim Ed
$1,000 -$200 $2,800

Scores at the end of the Jeopardy! Round:

Elizabeth Jim Ed
$3,100 $200 $4,200

Double Jeopardy! Round responses

BALLET
NOVEL CHARACTERS
DESERTS
FAMOUS WOMEN
FORTS
BRITISH ROYALTY
    $200 6
the Bolshoi Ballet

Ed
    $200 2
Don Quixote

Elizabeth
    $200 24
(Alex: And we have one minute to go.)

the Sahara Desert

Ed
    $200 14
(Elizabeth: Who are the [*]s?)

Judd

Elizabeth
    $200 1
McHenry

Elizabeth
    $200 10
Queen Victoria

Elizabeth
    $400 9
the Blue Grotto

Ed
    $400 3
Catch-22

Jim
    $400 25
the Mojave

Triple Stumper
    $400 15
Aimee Semple McPherson

Ed
    $400 4
the Oregon Trail

Ed
    $400 22
Princess Anne

Elizabeth
    $600 11
Nijinsky

Elizabeth
    $600 19
A Clockwork Orange

Elizabeth
    $600 26
the Gobi Desert

Jim
    $600 16
Peggy Lee

Elizabeth
    $600 5
Fort Lauderdale

Elizabeth
    $600 23
Charles I

Jim
    $1,900 12
(Alex: Now, I don't want you thinking back to that other appearance where you blew it all on the Daily Double.)

Sleeping Beauty

Elizabeth
    $2,200 20
Billy Budd

Elizabeth
    $800 27
the Negev

Ed
    $800 17
Gertrude Ederle

Ed
    $800 7
Fort Worth

Triple Stumper
    $800 29
James II

Triple Stumper
    $1000 13
a doll

Elizabeth
    $1000 21
Silas Marner

Elizabeth
    $1000 28
the Kalahari

Jim
    $1000 18
Kay Graham

Elizabeth
    $1000 8
Holland (the Netherlands)

Elizabeth
    $1000 30
(Jim: Who is George V?)
(Ed: Who is Prince Albert?)

Edward VII

JimEd
Triple Stumper

Scores at the end of the Double Jeopardy! Round:

Elizabeth Jim Ed
$14,800 $1,800 $6,400
(lock game)

[wagering suggestions for these scores]

Final Jeopardy! Round responses

U.S. STATES
JimWhat is Virginia
$1,800
EdWhat is Pennsylvania?
$1,000
ElizabethWhat was Mass?
$1,500
Virginia

Final scores:

Elizabeth Jim Ed
$13,300 $3,600 $5,400
New champion: $13,300 3rd place: The American Spectrum Encyclopedia + home reference library + + Nintendo Entertainment System with Super Jeopardy! & Wheel of Fortune + InfoGenius for Game Boy 2nd place: trip to Orlando & stay at Orlando Marriott International Drive

Game dynamics:

Coryat scores:

Elizabeth Jim Ed
$12,300 $1,800 $5,600
26 R
(including 2 DDs),
1 W
9 R,
4 W
19 R
(including 1 DD),
2 W

Combined Coryat: $19,700

[game clues] [game scores] [suggest correction]

Game tape date: 1991-09-23
The J! Archive is created by fans, for fans. Scraping, republication, monetization, and malicious use prohibited; this site may use cookies and collect identifying information. See terms. The Jeopardy! game show and all elements thereof, including but not limited to copyright and trademark thereto, are the property of Jeopardy Productions, Inc. and are protected under law. This website is not affiliated with, sponsored by, or operated by Jeopardy Productions, Inc. Join the discussion at JBoard.tv.